All TF2 All Class Weapons - Statistics

General Stats
  • This quiz has been taken 4 times
  • The average score is 9 of 11
Answer Stats
Weapon Slot Weapon % Correct
Melee Ham Shank
100%
Melee Necro Smasher
100%
Melee Prinny Machete
100%
Melee Bat Outta Hell
75%
Melee Conscientious Objector
75%
Melee Freedom Staff
75%
Melee Frying Pan
75%
Melee Golden Frying Pan
75%
Melee Memory Maker
75%
Melee Saxxy
75%
Melee Crossing Guard
50%
No matching quizzes found
Score Distribution
Percent of People with Each Score
Percentile by Number Answered
Your Score History
You have not taken this quiz